000 00878nam a2200205Ia 4500
001 21822
003 GE_BSU
008 181216s||||||||xx |||||||||||||| ||und||
040 _cGE_BSU
245 _aსაპატრიარქოს უწყებანი 25-31 იანვარი №3(863) 2018.
245 _bპატრიარქის ქადაგება,ქრონიკა, ინფორმაცია და სხვა.
245 _cრედ:დეკანოზი დავით შარაშენიძე და სხვა.
260 _aთბილისი
260 _c2017
300 _a20გვ. 30სმ.
653 _aპერიოდიკა
653 _aრელიგია
653 _aსაპატრიარქოს უწყებანი 25-31 იანვარი №3(863) 2018.
942 _cCR
999 _c54755
_d54755